| 000 | 00487nam a2200169 4500 | ||
|---|---|---|---|
| 001 | 148724 | ||
| 003 | ES-MaACL | ||
| 005 | 20230906202757.0 | ||
| 007 | t| | ||
| 008 | 070214s1979 sp r ||||1| spa d | ||
| 100 | 1 |
_aSuárez Suárez, Andrés-Santiago. _9108662 |
|
| 245 | 1 | 0 |
_aDiccionario económico de la empresa / _cAndrés S. Suárez Suárez. |
| 250 | _a2ª. ed. | ||
| 260 |
_aMadrid : _bPirámide, _c1979. |
||
| 300 |
_a383 p. ; _c19 cm. |
||
| 852 |
_aES-MaACL _jA-10472 _bR.99525 |
||
| 999 |
_c148724 _d148724 |
||